000 00346nam a2200145Ia 4500
008 220216s9999 xx 000 0 und d
100 _aPrasannakumari P
245 0 _aValamideel-Samayavum reethiyum
260 _bRubber
_c2019
300 _a9-Jul
650 _aFertilizer application
650 _aRubSIS
700 _aJessy M.D
942 _cBS
999 _c48643
_d48643